The Upanishads: (Record no. 26804)
[ view plain ]
| 000 -LEADER | |
|---|---|
| fixed length control field | 00987nam a22002537a 4500 |
| 005 - DATE AND TIME OF LATEST TRANSACTION | |
| control field | 20090526113420.0 |
| 008 - FIXED-LENGTH DATA ELEMENTS--GENERAL INFORMATION | |
| fixed length control field | 090526t xxu||||| |||| 00| 0 eng d |
| 010 ## - LCCN (DPL NO) | |
| LC control number | ENG-93728 |
| 020 ## - INTERNATIONAL STANDARD BOOK NUMBER | |
| International Standard Book Number | 9788175053007 |
| Terms of availability | 110.00 |
| 020 ## - INTERNATIONAL STANDARD BOOK NUMBER | |
| International Standard Book Number | 8175053003 |
| Terms of availability | 110.00 |
| 035 ## - SYSTEM CONTROL NUMBER | |
| System control number | EN-77261 |
| 037 ## - SOURCE OF ACQUISITION | |
| Source of stock number/acquisition | DBAD / PUB |
| 040 ## - CATALOGING SOURCE | |
| Original cataloging agency | dpl |
| Language of cataloging | English |
| 082 ## - DEWEY DECIMAL CLASSIFICATION NUMBER | |
| Classification number | 220.24 |
| 100 ## - MAIN ENTRY--PERSONAL NAME | |
| Personal name | Nikhilananda |
| 245 ## - TITLE STATEMENT | |
| Title | The Upanishads: |
| Statement of responsibility, etc | by Swami Nikhilananda |
| Remainder of title | Katha, Isa, Kena, Mundaka, Svetasvatara, Prasna, Mandukya, Aitareya, Brihadaranyaka, Taittiriya, and Chhandogya / |
| 260 ## - PUBLICATION, DISTRIBUTION, ETC. (IMPRINT) | |
| Place of publication, distribution, etc | Kolkata |
| Name of publisher, distributor, etc | Advaita Asharam |
| Date of publication, distribution, etc | 2008 |
| 270 ## - ADDRESS | |
| Address | 5 Dehi Entally Raod, |
| City | Kolkata |
| Postal code | 700014 |
| 300 ## - PHYSICAL DESCRIPTION | |
| Extent | 392p. |
| Dimensions | 22cm(Hb) |
| 500 ## - GENERAL NOTE | |
| General note | Includes glossary and index |
| 650 ## - SUBJECT ADDED ENTRY--TOPICAL TERM | |
| Topical term or geographic name as entry element | Upanishads |
| 942 ## - ADDED ENTRY ELEMENTS (KOHA) | |
| Source of classification or shelving scheme | Dewey Decimal Classification |
| Item type | English Books |
| Call number suffix | NIK |
| Classification part | 220.24 |
| Withdrawn status | Lost status | Source of classification or shelving scheme | Damaged status | Not for loan | Collection code | Home library | Current library | Date acquired | Source of acquisition | Cost, normal purchase price | Total Checkouts | Full call number | Barcode | Date last seen | Copy number | Cost, replacement price | Koha item type |
|---|---|---|---|---|---|---|---|---|---|---|---|---|---|---|---|---|---|
| Dewey Decimal Classification | Not For Loan | Non-fiction | D.B.Act.Division | D.B.Act.Division | 26/05/2009 | DBAD / PUB | 110.00 | 220.24 NIK | EN-77261 | 26/05/2009 | 1 | 110.00 | English Books |
